01015na a2200265 450000100060000000300080000600500170001400800410003103500100007204000250008204100080010708200240011509000230013911000660016224500920022824600400032026000360036030000320039661000970042865000320052565000560055794200130061395201080062699900150073422654MIRAKIL20181213155234.0170221b tu 000 0  a15347 aMilasbturcTR-AnCHP atur a330.6bT97i [2009?] a330.6 T97i [2009?] aTürk Sanayicileri ve İşadamları Derneği (TÜSİAD) a2009 çalışma raporucTürk Sanayicileri ve İşadamları Derneği (TÜSİAD) aTÜSİAD 2009 çalışma raporu aİstanbulbTÜSİADc[2009?] a92 s.brnkl fotğ.c30 cm. aTürk Sanayicileri ve İşadamları Derneği (TÜSİAD)xÇalışma raporları, 2009 aSanayixRaporlarzTürkiye aİşadamlarıxÇalışma raporlarızTürkiye 2ddccBKS 51a0001b0001d2017-02-21e2l0o330.6 T97i [2009?]p016234r2017-02-21 00:00:00v0.00w2017-02-21yBKS c9092d9092